000 00435nam a2200181 a 4500
001 1754918088020
003 ACL
005 20250811184739.0
008 250811s2008##################000#0#eng##
020 _a9780791097373
082 0 4 _a978.032
_bREI
100 1 _aReis, Ronald A.,
_eauthor.
245 1 0 _aThe Dust Bowl :
260 _bFacts On File,
_c2008.
650 0 _aDepressions.
942 _cENGLISH
040 _aACL
_beng
_cACL
999 _c580259
_d580259